000 00663cam a2200205 4500500
005 20260329003312.0
041 _afre
042 _adc
100 1 0 _aLequin, Mathilde
_eauthor
245 0 0 _aLe lieu de l’universel. Impasses du réalisme dans la philosophie contemporaine
260 _c2015.
500 _a39
690 _aIsabelle Thomas-Fogiel
690 _aMehdi Belhaj Kacem
690 _aParadoxe
690 _aPerspective
690 _aSynthèse
786 0 _nPhilosophie magazine | 89 | 5 | 2015-05-01 | p. 83-83 | 1951-1787
856 4 1 _uhttps://shs.cairn.info/magazine-philosophie-magazine-2015-5-page-83?lang=fr&redirect-ssocas=7080
999 _c1823333
_d1823334